000
00314nam a22001457a 4500
008
230418b ||||| |||| 00| 0 eng d
020
_a
2900763735202
041
_a
eng
080
_a
61
082
_a
61CHI
100
_a
4
101
_a
MJEKSI
245
_a
THE HEALTH PROFESSIONS
_c
CHISOLM.S
942
_2
udc
_c
BK
999
_c
59582
_d
59582